000 nam a22 7a 4500
999 _c9380
_d9380
008 180129b ||||| |||| 00| 0 eng d
100 _aNCERT
_95612
245 _aMathematics - VI
260 _aNew delhi
_bNCERT
_c2007